8. Cuéntale - Quevedo - Estadísticas

Estadísticas generales
  • Esta prueba ha sido intentada 29 veces
  • La puntuación promedio es 285 de 320
Estadísticas de respuestas
% Correcto
cama
100%
Cuéntale
100%
cuéntale
100%
de
100%
De
100%
Desde
100%
en
100%
es
100%
Está
100%
estás
100%
háblale
100%
hacía'
100%
hacíamos
100%
la
100%
La
100%
Lo
100%
lo
100%
no
100%
que
100%
100%
tu
100%
y
100%
Y
100%
yo
100%
a
95%
cuando
95%
Del
95%
dolor
95%
goteras
95%
llena
95%
me
95%
Me
95%
nena
95%
nos
95%
tiene
95%
todo
95%
vecina
95%
abajo
90%
al
90%
despedíamos
90%
duele
90%
El
90%
el
90%
hay
90%
lágrimas
90%
manera
90%
olvidarte
90%
otra
90%
tan
90%
tantas
90%
vacía'
90%
almas
85%
bala
85%
con
85%
día
85%
Eres
85%
eres
85%
hizo
85%
Las
85%
las
85%
llenan
85%
85%
mitad
85%
ni
85%
otras
85%
Por
85%
por
85%
85%
te
85%
tiempo
85%
beba
80%
como
80%
distante
80%
feliz
80%
fría
80%
Pero
80%
ruleta
80%
rusa
80%
Separadas
80%
si
80%
un
80%
unió
80%
falta
75%
fama
75%
nueva
75%
pase
75%
perdida
75%
una
75%
amas
70%
buscando
70%
cielo
70%
faltas
70%
Faltas
70%
lleva
70%
más
70%
página
70%
apúntame
65%
autoestima
65%
buscaba
65%
capítulo
65%
cara
65%
cariño
65%
contigo
65%
dispara
65%
ella
65%
encima
65%
estar
65%
hago
65%
hijo
65%
imagino
65%
mala
65%
muerto
65%
Prefiero
65%
rosa
65%
ruina
65%
vivo
65%
Bebé
60%
encontré
60%
falto
60%
le
60%
nuestro
60%
quién
60%
único
60%
Dice
55%
Dime
55%
espina
55%
gusta
55%
guste
55%
parezca
55%
sala
55%
termina
55%
frente
50%
hacer
50%
tienes
50%
deje
45%
Nadie
35%
otro
25%
cuesta
5%
distraen
5%
No se encontraron pruebas coincidentes
Distribución de puntuación
Porcentaje de gente con cada puntuación
Porcentaje por número respondido
Historial de tus puntuaciones
No has intentado esta prueba.